Casos clínicos en hipertensión arterial. (Registro nro. 1140)

Detalles MARC
000 -LEADER
fixed length control field 00920nam a2200253 a 4500
008 - CAMPO DE CONTROL (LIBRO)
fixed length control field 110815s2000 sp a f |||| 001 0 spa d
020 ## - INTERNATIONAL STANDARD BOOK NUMBER
ISBN 8445810073
041 ## - CODIGO DE IDIOMA
Código de idioma del texto/pista de sonido o título separado spa
092 ## - SIGNATURA TOPOGRAFICA DEWEY LOCAL
número de clasificación 616.132
libristica 10
sección CAS
245 ## - TITULO PROPIAMENTE DICHO
Título Casos clínicos en hipertensión arterial.
Número de la parte/sección de la obra Fasc.2 /
Mención de responsabilidad y remanente de la transcripción de la portada Antonio Coca Payeras
250 ## - MENCION DE EDICION
Mención de edición 2a ed.
260 ## - PIE DE IMPRENTA
Lugar de publicación, distribución, etc Barcelona:
Nombre de la editorial, distribuidor, etc Masson;
Fecha de publicación 2000.
300 ## - DESCRIPCION FISICA
Extension 43-80 p.
500 ## - NOTA GENERAL
Nota general Coca Payeras, A. et al. (2000). Casos clínicos en Hipertensión Arterial. Fasc.2 (2a ed.). Barcelona : Masson.
653 ## - TÉRMINO INDIZADO - PALABRAS CLAVES
Palabra clave Hipertensión arterial y feocromocitoma
653 ## - TÉRMINO INDIZADO - PALABRAS CLAVES
Palabra clave Hipertensión arterial con hipopotasemia
653 ## - TÉRMINO INDIZADO - PALABRAS CLAVES
Palabra clave Hipertesión arterial y glomerulonefritis crónica
653 ## - TÉRMINO INDIZADO - PALABRAS CLAVES
Palabra clave Hipertensión arterial y dislipemia
700 1# - ENTRADAS SECUNDARIAS - NOMBRE PERSONAL
Nombre personal Coca Payeras, Antonio
9 (RLIN) 791
700 1# - ENTRADAS SECUNDARIAS - NOMBRE PERSONAL
Nombre personal Aranda Lara, Pedro
9 (RLIN) 792
700 1# - ENTRADAS SECUNDARIAS - NOMBRE PERSONAL
Nombre personal Marín Iranzo, Rafael
9 (RLIN) 793
700 1# - ENTRADAS SECUNDARIAS - NOMBRE PERSONAL
Nombre personal Calvo Gómez, Carlos
9 (RLIN) 794
942 ## - ADDED ENTRY ELEMENTS (KOHA)
Source of classification or shelving scheme Dewey Decimal Classification
Item type Libros
Existencias
Estado de retiro Existencia Fuente de clasificación Estado general No para prestamo Ubicación permanente ubicación actual Sala de ubicación Fecha de adquisición Total Checkouts Número de clasificación Código de barras Date last seen Número de ejemplar Price effective from Koha tipo de elemento (item) Public note
    Dewey Decimal Classification     Biblioteca Medicina Biblioteca Medicina Circulación 05/12/2012   616.132 10 CAS 2729 06/11/2014 ej.1 05/12/2012 Libros Donación Dr. Rubén Torres, Dic. 2012

UNIVERSIDAD NACIONAL DEL COMAHUE
Biblioteca de la Facultad de Ciencias Médicas
Sede Toschi: Los Arrayanes y Av. Toschi, Cipolletti  - Rio Negro
Sede Los Tordos:  Yrigoyen al 2211, Cipolletti - Rio Negro 

Teléfono: 0299 - 4774707 int 25
Contacto: biblioteca@facimed.uncoma.edu.ar
© 2011 - 2026